000 00277nam a22001337a 4500
008 180926b xxu||||| |||| 00| 0 eng d
020 _a9780812387513
041 _aeng
080 _a510
100 _a36
101 _aMAT
245 _aAlgebra 1
_cBenson,J
942 _2udc
_cBK
999 _c48464
_d48464